000 01071nam a2200289 a 4500
001 68826
003 BD-RjUL
005 20211209081820.0
008 170405s1976 stka b 001 0 eng
020 _a0443014361 :
_c£8.00 ($20.00 U.S.)
035 _a(BD-RjUL)69037
040 _aDLC
_cDLC
_dBD-RjUL
_beng
041 _aeng
082 0 0 _a611.018
_223
_bBET 1976
100 1 _aBell, George Howard.
_9203961
245 1 0 _aTextbook of physiology and biochemistry /
_cGeorge H. Bell, Donald Emslie-Smith, Colin R. Paterson.
250 _a9th ed. ELBS of 9th ed,
260 _aEdinburgh ;
_aNew York :
_bChurchill Livingstone ;
_aNew York :
_bdistributed in the United States of America by Longman,
_c1976.
300 _ax, 733 p. :
_bill. ;
_c28 cm.
500 _aTenth ed. published in 1980 under title: Textbook of physiology.
504 _aIncludes bibliographies and index.
650 0 _aHuman physiology.
_9162672
650 0 _aBiochemistry.
_9203962
700 2 _aEmslie-Smith, Donald,
_9228582
700 1 _aPaterson, Colin Ralston,
_9228583
942 _2ddc
_cBK
999 _c68826
_d68826